LEADER 02159nam 22007213 450 001 9911033574803321 005 20260105053417.0 010 $a0-8265-0765-4 010 $a0-8265-0766-2 035 $a(CKB)41650035000041 035 $a(MiAaPQ)EBC32374933 035 $a(Au-PeEL)EBL32374933 035 $a(OCoLC)1549590522 035 $a(OCoLC)1489938982 035 $a(MdBmJHUP)musev2_141314 035 $a(EXLCZ)9941650035000041 100 $a20251027d2025 uy 0 101 0 $aeng 135 $aur||||||||||| 181 $ctxt$2rdacontent 182 $cc$2rdamedia 183 $acr$2rdacarrier 200 10$aRunning on Hope $eFemale Community Health Labor in Rajasthan, India 205 $a1st ed. 210 1$aChicago :$cVanderbilt University Press,$d2025. 210 4$dİ2025. 215 $a1 online resource (162 pages) 225 1 $aPolicy to Practice Series 311 08$a0-8265-0763-8 320 $aIncludes bibliographical references and index. 330 $a"The complicated and often fraught trajectory of a group of Accredited Social Health Activists (ASHAs) in India"--$cProvided by publisher. 410 0$aPolicy to Practice Series 606 $awomen (female humans)$2aat 606 $aFemmes 606 $aAgents de sante communautaire 606 $aGovernment Programs 606 $aWomen 606 $aCommunity Health Workers 606 $aWomen 606 $aCommunity health aides 607 $aIndia 608 $aInterviews. 608 $ainterviews. 608 $aInterview 608 $aElectronic books. 615 7$awomen (female humans) 615 6$aFemmes. 615 6$aAgents de sante communautaire. 615 22$aGovernment Programs 615 12$aWomen 615 12$aCommunity Health Workers 615 0$aWomen. 615 0$aCommunity health aides. 676 $a362.10954/4 700 $aClosser$b Svea$f1978-$01853846 701 $aShekhawat$b Surendra Singh$01852697 801 0$bMiAaPQ 801 1$bMiAaPQ 801 2$bMiAaPQ 906 $aBOOK 912 $a9911033574803321 996 $aRunning on Hope$94450595 997 $aUNINA